000 00361nam a2200109Ia 4500
008 170221s9999 xx 000 0 und d
100 _aSharon M. Taylor
245 4 _aThe Solution to the Financial Literacy Problem: What is the Answer?
245 _cSharon M. Taylor and Suzanne Wagland
650 _xBusiness
856 _uhttp://ro.uow.edu.au/aabfj/vol7/iss3/5/
999 _c307949
_d307949